Normal view
MARC view
- MULTIRATE SYSTEMS AND FILTER BANKS
Entry Topical Term
001 - CONTROL NUMBER
- control field: 61978
003 - CONTROL NUMBER IDENTIFIER
- control field: NUST
005 - DATE AND TIME OF LATEST TRANSACTION
- control field: 20210628202843.0
008 - FIXED-LENGTH DATA ELEMENTS
- fixed length control field: 210628|| aca||aabn | a|a d
040 ## - CATALOGING SOURCE
- Original cataloging agency: NUST
- Transcribing agency: NUST
150 ## - HEADING--TOPICAL TERM
- Topical term or geographic name entry element: MULTIRATE SYSTEMS AND FILTER BANKS
670 ## - SOURCE DATA FOUND
- Source citation: Work cat.: (NUST): Vaidyanathan, P.P 61977, Multirate systems and filter banks, 2004
